Catálogo público

Proyecto identificación de plagas en el cultivo de arroz (Oryza sativa spp.) orgánico en la región Palizada, Campeche / (Record no. 209526)

MARC details
000 -CABECERA
campo de control de longitud fija 04461nam a2200493 a 4500
001 - NÚMERO DE CONTROL
campo de control dia_4702
003 - IDENTIFICADOR DEL NÚMERO DE CONTROL
campo de control CHAP
005 - FECHA Y HORA DE LA ÚLTIMA TRANSACCIÓN
campo de control 20241017184642.0
007 - CAMPO FIJO DE DESCRIPCIÓN FÍSICA--INFORMACIÓN GENERAL
campo de control de longitud fija ta
008 - DATOS DE LONGITUD FIJA--INFORMACIÓN GENERAL
campo de control de longitud fija 220601s2010 mx abdofrm 001 0 spa d
040 ## - FUENTE DE LA CATALOGACIÓN
Centro catalogador/agencia de origen mxchpua
Centro/agencia transcriptor CHAP
Normas de descripción rda
041 0# - CÓDIGO DE LENGUA
Código de lengua del texto/banda sonora o título independiente spa
Código de lengua del sumario o resumen eng
090 ## - LOCALMENTE ASIGNADO TIPO-LC NÚMERO DE CLASIFICACIÓN (OCLC); NÚMERO DE CLASIFICACIÓN LOCAL (RLIN)
Número de clasificación (OCLC) (R) ; Numero de clasificación, CALL (RLIN) (NR) Tesis
Número cutter local (OCLC) ; Número de libro/Signatura topográfica íntegra, CALL (RLIN) C78
año 2010
100 1# - ENTRADA PRINCIPAL--NOMBRE DE PERSONA
Nombre de persona Cruz Ayohua, Dionicio
240 10 - TÍTULO UNIFORME
Título uniforme Project Identification of Pests in rice (Oryza sativa spp) organic in the Palizada region, Campeche.
Lenguaje de la obra Español
245 10 - MENCIÓN DE TÍTULO
Título Proyecto identificación de plagas en el cultivo de arroz (Oryza sativa spp.) orgánico en la región Palizada, Campeche /
Mención de responsabilidad, etc. Dionicio Cruz Ayohua
264 ## - PRODUCCIÓN, PUBLICACIÓN, DISTRIBUCIÓN, FABRICACIÓN Y COPYRIGHT
Producción, publicación, distribución, fabricación y copyright Chapingo, México :
Nombre del de productor, editor, distribuidor, fabricante El autor,
Fecha de producción, publicación, distribución, fabricación o copyright 2010
300 ## - DESCRIPCIÓN FÍSICA
Extensión 74 hojas :
Otras características físicas ilustraciones, mapas, gráficas, diagramas, tablas, fotos +
Material acompañante/anejo 1 CD-ROM
336 ## - TIPO DE CONTENIDO
Fuente rdacontent
Término de tipo de contenido texto
Código de tipo de contenido txt
337 ## - TIPO DE MEDIO
Fuente rdamedia
Nombre/término del tipo de medio no mediado
Código del tipo de medio n
338 ## - TIPO DE SOPORTE
Fuente rdacarrier
Nombre/término del tipo de soporte volumen
Código del tipo de soporte nc
500 ## - NOTA GENERAL
Nota general El CD contiene el reporte
502 ## - NOTA DE TESIS
Nota de tesis Tesis
Tipo de título (Ingeniero Agroindustrial) --
Nombre de la institución que otorga el título UACh. Departamento de Ingenieria Agroindustrial,
Año de obtención del título 2010
504 ## - NOTA DE BIBLIOGRAFÍA, ETC.
Nota de bibliografía, etc. Bibliografía: hojas 58-60
520 3# - SUMARIO, ETC.
Sumario, etc. El presente trabajo titulado "Proyecto Identificación de plagas en el cultivo de arroz (Oryza sativa spp.) Orgánico en la región palizada, Campeche" contiene una descripción general de la empresa Laguna Blanca S.P.R. de R.L., señala en forma detallada los procesos que se llevan a cabo en el beneficio de arroz El proyecto está enfocado específicamente en la identificación de las principales plagas que inciden en el cultivo de arroz orgánico así como en la observación del efecto que presentan los abonos orgánicos que se implementan en la producción de arroz. Se utilizaron herramientas vistas en el programa académico del Departamento de Ingeniería Agroindustrial para hacer un diagnostico del estado actual, las herramientas que utilizaron fueron el Análisis FODA y Factorial. También se toma en cuenta que los productos orgánicos que se están elaborando en la empresa Laguna Blanca S.P.R. de R.L. implican la utilización de los subproductos del beneficio de arroz (cascarilla, pulido, vanos, impurezas y ceniza), es decir se les da un valor agregado. Esto significa que los subproductos son reciclados al campo para contribuir al mejoramiento de la tierra y de esta forma obtener productos orgánicos de buena calidad, con rendimientos aceptables y los costos de producción disminuyen ya que no es necesaria la compra de algunos insumos para elaborar abonos que se incorporen al suelo. --
520 3# - SUMARIO, ETC.
Sumario, etc. The present work entitled "Project Identification of Pests in rice (Oryza sativa spp) organic in the Palizada region, Campeche" contains a general description of the company Laguna Blanca S.P.R. R.L., outlined in detail the processes taking place in the benefice of rice The project focuses specifically on identifying the main pests that affect the cultivation of organic rice as well as observation of the effect of organic fertilizers have implemented in the production of rice. View tools were used in the curriculum of Agroindustrial Engineering Department to make a diagnosis of current position; the tools used were the DAFO Analysis and Factorial.Also note that organic products are being developed in the company Laguna Blanca de S.P.R. de R.L. involve the use of the byproducts of the benefit of rice (husk, polishing, vain, impurity and ash), is given a value. This means that products are recycled into the field to contribute to the improvement of land and thus obtain good quality organic products with acceptable yields and lower production costs because it is not necessary to purchase some inputs to produce fertilizers are incorporated into the soil.
650 13 - PUNTO DE ACCESO ADICIONAL DE MATERIA--TÉRMINO DE MATERIA
Término de materia o nombre geográfico como elemento de entrada Arroz
Subdivisión general Manejo de enfermedades y plagas
Fuente del encabezamiento o término atg
650 13 - PUNTO DE ACCESO ADICIONAL DE MATERIA--TÉRMINO DE MATERIA
Término de materia o nombre geográfico como elemento de entrada Arroz
Subdivisión general Control de plagas
Fuente del encabezamiento o término atg
650 13 - PUNTO DE ACCESO ADICIONAL DE MATERIA--TÉRMINO DE MATERIA
Término de materia o nombre geográfico como elemento de entrada Biofertilizantes
Fuente del encabezamiento o término atg
650 13 - PUNTO DE ACCESO ADICIONAL DE MATERIA--TÉRMINO DE MATERIA
Término de materia o nombre geográfico como elemento de entrada Rice
Subdivisión general Disease and pest management
Fuente del encabezamiento o término atg
650 13 - PUNTO DE ACCESO ADICIONAL DE MATERIA--TÉRMINO DE MATERIA
Término de materia o nombre geográfico como elemento de entrada Rice
Subdivisión general Pest control
Fuente del encabezamiento o término atg
650 13 - PUNTO DE ACCESO ADICIONAL DE MATERIA--TÉRMINO DE MATERIA
Término de materia o nombre geográfico como elemento de entrada Biofertilizers
Fuente del encabezamiento o término atg
700 1# - PUNTO DE ACCESO ADICIONAL--NOMBRE DE PERSONA
Nombre de persona Ponce Hernández, Pedro
Término indicativo de función/relación director
700 1# - PUNTO DE ACCESO ADICIONAL--NOMBRE DE PERSONA
Nombre de persona Reyna Izaguirre, Diana América
Término indicativo de función/relación asesora
700 1# - PUNTO DE ACCESO ADICIONAL--NOMBRE DE PERSONA
Nombre de persona Ascencio Rivera, J. Rogelio
Término indicativo de función/relación asesor
856 41 - LOCALIZACIÓN Y ACCESO ELECTRÓNICOS
Identificador Uniforme del Recurso <a href="http://10.13.5.2/tesis/112136.pdf">http://10.13.5.2/tesis/112136.pdf</a>
Texto de enlace DESCARGAR PDF
901 ## - ELEMENTOS DE DATOS A LOCAL LDA (RLIN)
a TESIS C78 2010
942 ## - ELEMENTOS DE PUNTO DE ACCESO ADICIONAL (KOHA)
Tipo de ítem Koha TESIS
Fuente del sistema de clasificación o colocación Clasificación Universidad Autónoma Chapingo
902 ## - ELEMENTOS DE DATOS B LOCAL, LDB (RLIN)
a M
905 ## - ELEMENTOS DE DATOS E LOCAL, LDE (RLIN)
a 5232272010 mx nmdl8223123322spa16
Holdings
Estado de retiro Estado de pérdida Fuente del sistema de clasificación o colocación Estado dañado Restricciones de uso No para préstamo Código de colección Localización permanente Ubicación/localización actual Fecha de adquisición Fuente de adquisición Total de préstamos Signatura topográfica completa Código de barras Fecha visto por última vez Fecha del último préstamo Número de copia Precio válido a partir de Tipo de ítem Koha Ubicación en estantería
    Clasificación Universidad Autónoma de Chapingo   Préstamo 5 días   Tesis Ingenieria Agroindustrial Ingenieria Agroindustrial 01/06/2022 El autor 1 Tesis C78 2010 1101011822 23/10/2024 23/10/2024 Ej. 3 01/06/2022 CD  
    Clasificación Universidad Autónoma de Chapingo   Préstamo interno   Tesis Ingenieria Agroindustrial Ingenieria Agroindustrial 01/06/2022 El autor   Tesis C78 2010 1101004320 02/02/2026   Ej. 1 01/06/2022 Tesis  
    Clasificación Universidad Autónoma de Chapingo   Préstamo interno   Tesis Ingenieria Agroindustrial Ingenieria Agroindustrial 01/06/2022 El autor   Tesis C78 2010 1101004321 01/06/2022   Ej. 2 01/06/2022 CD  
    Clasificación Universidad Autónoma de Chapingo       Tesis digitales de Licenciatura Ingenieria Agroindustrial Ingenieria Agroindustrial 17/10/2024 El autor     1201004320 17/10/2024     17/10/2024 Tesis digital En línea